| 000 | 01745 a2200241 4500 | ||
|---|---|---|---|
| 003 | Nust | ||
| 005 | 20240308082009.0 | ||
| 010 | _a 2003107056 | ||
| 020 | _a0764543989 (pbk.) | ||
| 040 | _cNust | ||
| 082 | 0 | 0 | _a005.133,ROB |
| 245 | 0 | 0 |
_aProfessional C# / _cSimon Robinsons [sic] ... [et al.] |
| 250 | _a2nd ed. | ||
| 260 |
_aIndianapolis, IN : _bWrox, _cc2003. |
||
| 300 |
_axxiii, 1223 p. : _bill. ; _c23 cm. |
||
| 505 | _aIntroduction (Page-1), C # and .net architecture (Page-11), C # basics (Page-37), Object oriented C # (Page-109), Advanced C # topics (Page-169), C # and the base classes (Page-259), Programming in the net environment (Page-337), Windows Applications (Page-381), Assemblies (Page-437), Data access with .net (Page-504), Viewing .net data (Page-567), Manipulating XML (Page-615), File and registry operations (Page-673), Working with the active directory (Page-717), ASP.Net pages (Page-753), Web services (Page-791), User controls and custom controls (Page-815), COM Interoperability (Page-851), COM+ services (Page-875), Graphics with GDI+ (Page-897), Accessing the internet (Page-957), Distributed applications with .net remoting (Page-981), Windows services (Page-1035), Net security (Page-1081), Appendix A Principles of object oriented programming (Page-1141). Index (Page-1191). | ||
| 650 | 0 | _aC# (Computer program language) | |
| 700 | 1 |
_aRobinson, Simon, _d1965- _997900 |
|
| 856 | 4 | 2 |
_3Contributor biographical information _uhttp://www.loc.gov/catdir/bios/wiley047/2003107056.html |
| 856 | 4 | 2 |
_3Publisher description _uhttp://www.loc.gov/catdir/description/wiley0310/2003107056.html |
| 856 | 4 | 2 |
_3Table of contents _uhttp://www.loc.gov/catdir/toc/wiley032/2003107056.html |
| 942 |
_2ddc _cBK _k005.133,ROB |
||
| 999 |
_c207977 _d207977 |
||